[Event "UZB-ch Women 2021"]
[Site "Tashkent"]
[Date "2021.04.27"]
[Round "11.4"]
[White "Khegay, Yuliya"]
[Black "Yakubbaeva, Nilufar"]
[Result "0-1"]
[WhiteElo "1913"]
[BlackElo "2275"]
[Annotator "TA"]
[PlyCount "86"]
[EventDate "2021.04.17"]
[EventType "tourn"]
[EventCountry "UZB"]
[SourceTitle "playchess.com"]
[Source "ChessBase"]
[SourceQuality "1"]

{[%evp 11,86,8,46,12,9,-7,0,-10,-7,-10,-7,-17,-18,-13,-19,-21,-23,-20,-16,-31,-29,-32,-18,-32,-23,-34,-9,-7,-13,-17,-21,-27,13,0,18,0,0,0,35,28,33,33,70,30,39,25,46,16,29,-11,-23,-37,-37,-52,-46,-75,0,0,0,0,0,-39,0,-421,-431,-434,-418,-2709,-2653,-29983,-29984,-5306,-922,-1703,-1620,-5497,-3666]} 1. e4 c5 2. Nf3 d6 3. Bb5+ Bd7 4. Bxd7+ Qxd7 5. O-O Nc6 6. c3 d5 7. d3 {B52: Sicilian: Moscow Variation with 3...Bd7.} Rd8 {[#] Hoping for ...dxe4.} 8. Qc2 $146 ({Predecessor:} 8. e5 e6 9. Re1 Nge7 10. Nbd2 Ng6 11. Nf1 Be7 12. Ng3 O-O 13. Qe2 Rde8 14. Nh5 f5 {0-1 (38) Akshaya,A (1966)-Saranya,J (2121) Chennai 2011}) 8... e6 9. Na3 {The position is equal.} Bd6 10. exd5 exd5 11. Re1+ Nge7 12. Nb5 Bb8 13. Be3 a6 14. Na3 Bd6 15. Rad1 O-O 16. Bg5 f6 17. Bh4 Ng6 18. Bg3 Bxg3 19. hxg3 Nge5 20. d4 Nxf3+ 21. gxf3 c4 22. Kg2 Rfe8 23. Qd2 Ne7 24. Nc2 {[%cal Ba3c2,Bc2e3,Be3g4,Bg4h2,Bh2f3,Bf3h4][%mdl 32]} Ng6 25. Ne3 b5 26. Qc2 Nf8 27. Re2 Kf7 28. Rde1 g6 29. Ng4 h5 30. Nh2 Ne6 31. f4 Ng7 32. Nf3 Nf5 33. b3 Nd6 ({Black should play} 33... a5 $17) 34. Nh4 $11 Re4 35. Rxe4 dxe4 36. f3 g5 37. fxe4 $2 {[%mdl 8192]} (37. fxg5 $11 {and White stays safe.} fxg5 38. fxe4 gxh4 39. e5) 37... gxh4 $19 38. e5 {[#] Threatens to win with e6+.} Qf5 39. Qe2 {[#]} (39. Qxf5 $142 Nxf5 40. gxh4) 39... Rg8 $1 40. exd6 (40. Qe3 Rxg3+) 40... Rxg3+ {[%mdl 64] Double Attack} 41. Kh1 Qh3+ (41... Rh3+ $142 42. Kg1 Qg6+ 43. Qg2 Rg3 44. Re7+ Kf8 45. Re2 h3 {[%mdl 64] Pin} 46. Qxg3 Qxg3+ 47. Kf1 h2 48. Rxh2 Qxh2 49. bxc4 bxc4 50. f5 h4 51. Ke1 Qxa2 52. Kf1 h3 53. d7 Ke7 54. Ke1 h2 55. d8=B+ Kxd8 56. Kf1 h1=Q#) 42. Qh2 Qg4 {( -> ...Qf3+)} ({Less strong is} 42... cxb3 43. Qxh3 Rxh3+ 44. Kg2 $17) 43. Rf1 Rh3 {Weighted Error Value: White=0.81/Black=0.22} 0-1